000 00384nam a22001337a 4500
020 _a9780440869252
040 _cNUST
082 _a823-CH
_bWIL
100 _aWilson, Jacqueline
_981947
110 _aSharratt, Nick
_981950
245 _aLily Alone Sometimes Lily Wishes She Really Was Home Alone
260 _aLondon:
_bCorgi Books Penguin Rendom House,
_c2011.
942 _2ddc
_cBK
999 _c586314
_d586314